Normal view
MARC view
- Philip P. Walsh
Entry Personal Name
001 - CONTROL NUMBER
- control field: 1967
003 - CONTROL NUMBER IDENTIFIER
- control field: NUST
005 - DATE AND TIME OF LATEST TRANSACTION
- control field: 20170605103124.0
008 - FIXED-LENGTH DATA ELEMENTS
- fixed length control field: 170605|| aca||aabn | a|a d
040 ## - CATALOGING SOURCE
- Original cataloging agency: NUST
- Transcribing agency: NUST
100 ## - HEADING--PERSONAL NAME
- Personal name: Philip P. Walsh
670 ## - SOURCE DATA FOUND
- Source citation: Work cat.: (NUST)24481: Philip P. Walsh, Gas turbine performance /, 1998.
